A Borsodi Sörgyár kiskereskedelmi értékesítési rendszerének elemzése

Bibliográfiai részletek
Szerző: Straub Tímea Szandra
További közreműködők: Kopcsay Dr. László
Dokumentumtípus: Diplomadolgozat
Kulcsszavak:kiskereskedelmi értékesítés
Online Access:http://dolgozattar.uni-bge.hu/4655

MARC

LEADER 00000nta a2200000 i 4500
001 dolg4655
005 20160512133241.0
008 151214suuuu hu om 000 hun d
040 |a BGE Dolgozattár Repozitórium  |b hun 
041 |a hu 
100 1 |a Straub Tímea Szandra 
245 1 2 |a A Borsodi Sörgyár kiskereskedelmi értékesítési rendszerének elemzése  |c Straub Tímea Szandra  |h [elektronikus dokumentum] 
246 1 1 |a A Borsodi Sörgyár kiskereskedelmi értékesítési rendszerének elemzése 
695 |a kiskereskedelmi értékesítés 
700 1 |a Kopcsay Dr. László  |e ths 
856 4 0 |u http://dolgozattar.uni-bge.hu/4655/1/SZAKDOLGOZAT%20%282015%29%20-%20STRAUB%20T%C3%8DMEA%20%20SZANDRA.pdf  |z Dokumentum-elérés